The housing cycle in emerging Middle Eastern economies and its macroeconomic policy implications

Bibliographic Details
Main Author: Beidas, S.
Corporate Authors: International Monetary Fund., ProQuest (Firm)
Other Authors: Lian, Weicheng., Maseeh, Ashwaq.
Format: Electronic eBook
Language:English
Published: [Washington, D.C.] : International Monetary Fund, 2009.
Series:IMF working paper ; WP/09/288.
Subjects:
Online Access:Click to View
LEADER 01450nam a2200361Ia 4500
001 EBC1606027
003 MiAaPQ
005 20200520144314.0
006 m o d |
007 cr cn|||||||||
008 100902s2009 dcua sb i001 0 eng d
035 |a (MiAaPQ)EBC1606027 
035 |a (Au-PeEL)EBL1606027 
035 |a (CaPaEBR)ebr10364815 
035 |a (OCoLC)680613501 
040 |a MiAaPQ  |c MiAaPQ  |d MiAaPQ 
050 4 |a HD7287.55  |b .B45 2009 
100 1 |a Beidas, S.  |q (Samya) 
245 1 4 |a The housing cycle in emerging Middle Eastern economies and its macroeconomic policy implications  |h [electronic resource] /  |c Samya Beidas-Strom, Weicheng Lian, and Ashwaq Maseeh. 
260 |a [Washington, D.C.] :  |b International Monetary Fund,  |c 2009. 
300 |a 29 p. :  |b ill. 
490 1 |a IMF working paper ;  |v WP/09/288 
504 |a Includes bibliographical references and index. 
533 |a Electronic reproduction. Ann Arbor, MI : ProQuest, 2015. Available via World Wide Web. Access may be limited to ProQuest affiliated libraries. 
650 0 |a Housing  |x Finance  |z Middle East. 
650 0 |a Housing  |x Prices  |z Middle East. 
655 4 |a Electronic books. 
700 1 |a Lian, Weicheng. 
700 1 |a Maseeh, Ashwaq. 
710 2 |a International Monetary Fund. 
710 2 |a ProQuest (Firm) 
830 0 |a IMF working paper ;  |v WP/09/288. 
856 4 0 |u https://ebookcentral.proquest.com/lib/matrademy/detail.action?docID=1606027  |z Click to View